000 00191 a2200097 4500
020 _a9788423316878
041 _aspa
100 _aBabette Cole
245 _aEl Principe Ceniciento
942 _cK
999 _c28396
_d28396